[Event "BCF-chT 0203 (4NCL)"]
[Site "West Bromwich"]
[Date "2003.01.19"]
[Round "4.3"]
[White "Levitt, Jonathan"]
[Black "Jones, Richard S"]
[Result "1-0"]
[WhiteElo "2419"]
[BlackElo "2246"]
[PlyCount "55"]
[EventDate "2002.11.??"]
[EventType "team"]
[EventRounds "11"]
[EventCountry "ENG"]
[SourceTitle "EXT 2004"]
[Source "ChessBase"]
[SourceDate "2003.11.25"]
[SourceVersion "1"]
[SourceVersionDate "2003.11.25"]
[SourceQuality "1"]
[WhiteTeam "Wood Green II"]
[BlackTeam "SW Dragons"]
[WhiteTeamCountry "ENG"]
[BlackTeamCountry "ENG"]

1. d4 Nf6 2. c4 g6 3. Nc3 Bg7 4. e4 0-0 5. Be3 Nc6 6. d5 Nb4 7. a3 Na6 8. Bd3 d6 9. f3 e6 10. Nge2 Nd7 11. Nd4 Ne5 12. Be2 Qe7 13. 0-0 f5 14. Qd2 Bd7 15. Rae1 Rae8 16. Bg5 Bf6 17. Bxf6 Qxf6 18. f4 Nf7 19. dxe6 Bxe6 20. exf5 Bxf5 21. Nd5 Qg7 22. Nxf5 gxf5 23. Bh5 Kh8 24. Rxe8 Rxe8 25. Rf3 Rg8 26. Rg3 Qf8 27. Qc3+ Rg7 28. Rxg7 1-0

[Event "BCF-chT 0102 (4NCL)"]
[Site "Birmingham"]
[Date "2002.01.20"]
[Round "6.2"]
[White "Levitt, Jonathan"]
[Black "Houska, Jovanka"]
[Result "1/2-1/2"]
[WhiteElo "2412"]
[BlackElo "2380"]
[PlyCount "80"]
[EventDate "2001.09.22"]
[EventType "team"]
[EventRounds "11"]
[EventCountry "ENG"]
[SourceTitle "CBM 084 Extra"]
[Source "ChessBase"]
[SourceDate "2001.10.26"]
[SourceVersion "1"]
[SourceVersionDate "2001.10.26"]
[SourceQuality "1"]
[WhiteTeam "Wood Green II"]
[BlackTeam "Slough"]
[WhiteTeamCountry "ENG"]
[BlackTeamCountry "ENG"]

1. d4 d5 2. c4 c6 3. cxd5 cxd5 4. Bf4 Nf6 5. Nc3 Nc6 6. e3 a6 7. Bd3 Bg4 8. Nge2 e6 9. 0-0 Be7 10. f3 Bh5 11. a3 0-0 12. b4 b5 13. Nc1 Rc8 14. N3e2 Qb6 15. g4 Bg6 16. Bxg6 hxg6 17. Nd3 Rfd8 18. Qd2 Ne8 19. Rac1 Bd6 20. Nc5 Bxf4 21. Nxf4 Nd6 22. Qd3 Nc4 23. Rfe1 e5 24. Ng2 Ne7 25. f4 e4 26. Qc3 Ra8 27. Ra1 a5 28. Reb1 Qc6 29. h3 Ra7 30. bxa5 Rxa5 31. a4 Rc8 32. axb5 Rxb5 33. Rb4 Rcb8 34. Rab1 Kh7 35. Rxb5 Rxb5 36. Rxb5 Qxb5 37. Qb3 Qa5 38. Qb7 Qa1+ 39. Kh2 Qa2 40. Qxe7 Nxe3 1/2-1/2

[Event "Swansea jubilee"]
[Site "Swansea"]
[Date "2002.??.??"]
[Round "3"]
[White "Arkell, Keith C"]
[Black "Levitt, Jonathan"]
[Result "1/2-1/2"]
[WhiteElo "2463"]
[BlackElo "2412"]
[PlyCount "100"]
[EventDate "2002.05.??"]
[EventType "tourn"]
[EventRounds "9"]
[EventCountry "WLS"]
[EventCategory "2"]
[SourceTitle "EXT 2003"]
[Source "ChessBase"]
[SourceDate "2002.11.25"]
[SourceVersion "1"]
[SourceVersionDate "2002.11.25"]
[SourceQuality "1"]

1. d4 Nf6 2. Nf3 e6 3. c4 c5 4. d5 exd5 5. cxd5 d6 6. Nc3 g6 7. g3 Bg7 8. Bg2 0-0 9. 0-0 Re8 10. Nd2 a6 11. a4 Nbd7 12. Nc4 Ne5 13. Nxe5 Rxe5 14. Bf4 Re8 15. Qc2 Ng4 16. Rab1 f5 17. b4 Qf6 18. Bd2 b6 19. bxc5 bxc5 20. e3 g5 21. h3 Ne5 22. Qa2 Qh6 23. Ne2 Qh5 24. f3 Ra7 25. Rb6 Nf7 26. g4 Qg6 27. Ng3 Rae7 28. Qc2 Nh6 29. Nh5 Be5 30. Bc3 Rf8 31. Bxe5 Rxe5 32. Qc3 fxg4 33. fxg4 Nf5 34. Qxe5 dxe5 35. Rxg6+ hxg6 36. gxf5 gxh5 37. e4 Bd7 38. Rb1 Bxa4 39. Rb6 Bb5 40. Bf3 c4 41. Bd1 Rc8 42. Kf2 c3 43. Bc2 Kf7 44. Rh6 Rc4 45. Ke3 Rb4 46. Rh7+ Kf8 47. Rc7 Rc4 48. Rb7 Rd4 49. Rc7 Rc4 50. Rb7 Rd4 1/2-1/2